Normal view
MARC view
- التلوث الاشعاعي- تلوث البيئة
Entry Topical Term
001 - CONTROL NUMBER
- control field: 57144
003 - CONTROL NUMBER IDENTIFIER
- control field: JO-AjAnu
005 - DATE AND TIME OF LATEST TRANSACTION
- control field: 20230606083347.0
008 - FIXED-LENGTH DATA ELEMENTS
- fixed length control field: 230606|| aca||aabn | a|a d
040 ## - CATALOGING SOURCE
- Original cataloging agency: JO-AjAnu
- Transcribing agency: JO-AjAnu
150 ## - HEADING--TOPICAL TERM
- Topical term or geographic name entry element: التلوث الاشعاعي- تلوث البيئة
670 ## - SOURCE DATA FOUND
- Source citation: Work cat.: (JO-AjAnu)29157: هارول، مارك.أ ؛ ترجمة عبد الله حيدر واخرون, author 57143, الشتاء النووي: تأثيرات الحرب النووية على الإنسانية وعلى البيئة